| 000 | 00526nam a2200181Ia 4500 | ||
|---|---|---|---|
| 999 |
_c13561 _d13561 |
||
| 003 | OSt | ||
| 005 | 20201021094203.0 | ||
| 008 | 190216s9999||||xx |||||||||||||| ||und|| | ||
| 020 | _a5050005434 | ||
| 040 | _coclc | ||
| 082 |
_a891.733 _bPUS/S |
||
| 100 |
_aPushkin, Alexander _95470 |
||
| 245 | 0 |
_aSelected Works In Two Volumes / _cAlexander Pushkin |
|
| 260 |
_bRaduga Publishers , _c1985. _aMoscow: |
||
| 300 | _a238p | ||
| 650 | _aEnglish Essay | ||
| 942 |
_cBK _2ddc _h891.733 _iPUS/S _k891.733 _mPUS/S |
||